Statistics for Pro Football Hall of Fame Quarterbacks

Click here to take the quiz!

General Stats

  • This quiz has been taken 3,876 times
    (3,875 since last reset)
  • The average score is 13 of 30

Answer Stats

HintAnswer% Correct
2000 '79-'94Joe Montana
90%
2005 '83-'99Dan Marino
82%
2005 '85-'95Steve Young
82%
1989 '70-'83Terry Bradshaw
79%
2004 '83-'98John Elway
77%
1977 '56-'71Bart Starr
74%
1979 '56-'73Johnny Unitas
72%
2006 '89-'00Troy Aikman
71%
1985 '69-'79Roger Staubach
69%
1985 '65-'77Joe Namath
62%
2006 '84-'00Warren Moon
62%
2002 '86-'96Jim Kelly
57%
1986 '61-'78Fran Tarkenton
54%
1993 '73-'87Dan Fouts
49%
1965 '46-'55Otto Graham
46%
1963, '37-'62Sammy Baugh
44%
1987 '57-'75Len Dawson
41%
1990 '67-'80Bob Griese
40%
1971 '48-'64Y.A. Tittle
33%
1981 '49-'75George Blanda
31%
1971 '49-'60Norm Van Brocklin
24%
1965 '39-'50Sid Luckman
24%
1983 '57-'74Sonny Jurgensen
16%
1967 '48-'62Bobby Layne
15%
1965 '45-'52Bob Waterfield
8%
1966 '30-'40, '44-'45Arnie Herber
4%
1963 '31-'32, '34-'38Dutch Clark
4%
2005 '27-'34Benny Friedman
3%
1972 '37-'41, '45-'46Clarence "Ace " Parker
3%
1965 '19-'29John "Paddy" Driscoll
1%

Score Distribution

Percentile by Number Answered

Percent of People with Each Score

Your Score History

You have not taken this quiz since the last reset